000 00812pam a22002534a 4500
001 2157834
005 20180313053404.0
008 990420s2000 ohua b 001 0 eng
010 _a 99029259
020 _a0538890150
035 _a(DLC) 99029259
040 _aDLC
_cDLC
_dDLC
041 _aeng
042 _apcc
080 _a658.022 LON
082 0 0 _a658.022 LON
_221
100 1 _a57
101 _aBIZ
245 1 0 _aSmall business management :
_cJustin G. Longenecker, Carlos W. Moore, J. William Petty.
504 _aIncludes bibliographical references (p. 665-673) and index.
906 _a7
_bcbc
_corignew
_d1
_eocip
_f19
_gy-gencatlg
942 _2ddc
_cBK
999 _c44857
_d44857